00531nam a22001935a 450000500170000000800410001701000140005802000260007203500130009803700130011104000080012408200080013210000210014024500580016125000060021926000360022527000430026130000330030420080522115808.0080520s2008 nyu 000 0 eng  aENG-95819 a9788177096576c360.00 aEN-79352 aDBAD/PUB aDPL a510 aDas Gupta, Asit  aProblems plus in IIT mathematics /cby Asit Das Gupta a. aNew DelhibBharati Bhawanc2009 a4227/3, Ansari RoadbNew Delhie110002 aVarious pagingsb27cm. (Pbk)